00508 2200193 4500001002100000008004100021035002000062245002900082100001700111260004000128300002600168020002200194084001600216082001000232650002900242863001900271990001200290990001200302INLIS000000000015303 ind  a0010-1222000382 aRumah PohoncAnee Rahman aANEE, Rahman aJakarta :bBee Media Pustaka,c2022 a28 hal.: ilus.c20 cm a978-602-6227-50-8 a741.5 ANE r a741.5 aGAMBAR. CERITA BERGAMBAR aSeri Fabel Abi a10285 a a10285 b